Sổ tay thiết kế cơ khí
Đã lưu trong:
| Príomhúdar: | |
|---|---|
| Formáid: | Leabhar |
| Teanga: | Undetermined |
| Foilsithe: |
Hà Nội
Khoa học và kỹ thuật
2004
|
| Ábhair: | |
| Clibeanna: |
Cuir Clib Leis
Gan Chlibeanna, Bí ar an gcéad duine leis an taifead seo a chlibeáil!
|
| Thư viện lưu trữ: | Trung tâm Học liệu Trường Đại học Cần Thơ |
|---|
| LEADER | 00670nam a2200217Ia 4500 | ||
|---|---|---|---|
| 001 | CTU_65019 | ||
| 008 | 210402s9999 xx 000 0 und d | ||
| 020 | |b 115000 | ||
| 082 | |a 621.82 | ||
| 082 | |b V510/T1 | ||
| 100 | |a Hà, Văn Vui | ||
| 245 | 0 | |a Sổ tay thiết kế cơ khí | |
| 245 | 0 | |c Hà Văn Vui ; Nguyễn Chỉ Sáng ; Phan Đăng Phong | |
| 260 | |a Hà Nội | ||
| 260 | |b Khoa học và kỹ thuật | ||
| 260 | |c 2004 | ||
| 526 | |a Đồ án thiết kế động cơ đốt trong | ||
| 526 | |b CN569 | ||
| 650 | |a Machine parts | ||
| 904 | |i Tuyến | ||
| 980 | |a Trung tâm Học liệu Trường Đại học Cần Thơ | ||